000 01098nam0a22002891 4500
001 rc\3173072
005 20250530075902.0
035 _a(NLR Aleph) 007309277
090 _a5792820
_c5792820
100 _a20120615d1976 |||y0rusy50 ca
101 0 _arus
102 _aRU
105 _aa z |||||
200 1 _aОпыт работы сахарной промышленности Латвийской ССР по переработке свеклы и сырца
_eОбзор
_fЛатв. респ. ин-т науч.-техн. информации и пропаганды
210 _aРига
_cБ. и.
_d1976
215 _a25 с., 1 л. схем
_cчерт.
_d20
300 _aПеред загл. авт.: А.К. Страутниекс, Ю.А. Семенцов, Я.Я. Лаже
320 _aБиблиогр.: с. 24
333 _aДСП. Экз. № 4
700 1 _aСтраутниекс
_bА.К.
701 1 _aСеменцов
_bЮ.А.
701 1 _aЛаже
_bЯ.Я.
801 0 _aRU
_bNLR
_gpsbo
801 1 _aRU
_bELAR
_2rusmarc
852 _aNLR
_j76-50К/5094
942 _cBOOK
980 _aNB